000 00771nam a2200229 a 4500
003 PILC
005 20160222081123.0
008 080115s19uu xx 00 eng d
020 _a0316017426
050 _aE 887.C55
_b.G47 2007
100 _aGerth, Jeff.
245 _aHer way :
_bthe hopes and ambitions of Hillary Rodham Clinton. /
_cJeff Gerth.
260 _aNew York :
_bLittle, Brown and Company,
_c2007.
300 _a438 pages :
_billustrations ;
_c25 cm.
500 _aIncludes bibliographical references and index.
650 _aClinton, Hillary Rodham.
650 _aUnited States. Congress. Senate
_xBiography.
650 _aPresidents' spouses
_xUnited States
_xBiography.
700 _aNatta, Don Van Jr.
942 _cBK
_2lcc
_kFOR
999 _c22816
_d22816